000 00388 a2200145 4500
001 64417
040 _cAnchieta - Pituba
100 _aBrasil, Ministério da educação
240 1 0 _aParâmetros curriculares nacionais
_lpor
245 1 0 _aParâmetros curriculares nacionais
300 _a364
362 0 _a1999
650 4 _aPCN / Parâmetros Curriculares Nacionais Brasil
942 _cBK
999 _c64417
_d64417